000 00408nam a2200157 4500
999 _c8341
_d8341
020 _a8175442123
020 _a9788175442122
082 _a004BAS
100 _aBasandra, Suresh K.
245 _aWheeler's Advanced Computer Science Question Bank
260 _aIndia:
_bWheeler Publishing,
_c2000.
300 _a839p. ;
650 _acomputr science question Bank
700 _aBasandra, Karuna
942 _cBK